Islamský turizmus v Číne
Snahy Číny o rozvoj svojho sektoru islamského cestovného ruchu. Dôvody čínskeho záujmu o tento sektor islamskej ekonomiky. Mesto Jin-čchuan ako výkladná skriňa týchto čínskych snáh. Najvýznamnejšie projekty rozvoja islamského turizmu pod čínskym vedením. Politické aspekty, ktoré ovplyvňujú rozvoj to...
Salvato in:
| Autore principale: | |
|---|---|
| Natura: | Capitolo di libro |
| Lingua: | slovacco |
| Soggetti: | |
| Tags: |
Nessun Tag, puoi essere il primo ad aggiungerne!!
|
MARC
| LEADER | 00000naa$a2200000$$$4500 | ||
|---|---|---|---|
| 001 | 0271585 | ||
| 005 | 20240502074300.1 | ||
| 041 | 0 | |a slo | |
| 044 | |a SK | ||
| 245 | 1 | 0 | |a Islamský turizmus v Číne |c Juraj Ondriaš |
| 520 | |a Snahy Číny o rozvoj svojho sektoru islamského cestovného ruchu. Dôvody čínskeho záujmu o tento sektor islamskej ekonomiky. Mesto Jin-čchuan ako výkladná skriňa týchto čínskych snáh. Najvýznamnejšie projekty rozvoja islamského turizmu pod čínskym vedením. Politické aspekty, ktoré ovplyvňujú rozvoj tohto sektora v krajine. | ||
| 610 | 2 | 0 | |a Čína |
| 610 | 2 | 0 | |a islam |
| 610 | 2 | 0 | |a ruch cestovný |
| 610 | 2 | 0 | |a projekty |
| 100 | 1 | |a Ondriaš, Juraj, 1988- | |